Most popular people (part 2) - Statistics

General Stats
  • This quiz has been taken 59 times
  • The average score is 7 of 15
Answer Stats
Picture Hint Answer % Correct
Physicist Albert Einstein
100%
Religious Figure Moses
91%
Explorer Christopher Columbus
89%
Politician Julius Caesar
83%
Religious Figure Martin Luther
77%
Composer Johann Sebastian Bach
62%
Philisopher Pythagoras
43%
Astronomer Nicolaus Copernicus
34%
Religious Figure Confucius
30%
Economist Adam Smith
26%
Explorer Ferdinand Magellan
19%
Writer Homer
19%
Religious Figure Abraham
13%
Mathematician Archimedes
11%
Politician Louis XIV of France
0%
No matching quizzes found
Score Distribution
Percent of People with Each Score
Percentile by Number Answered
Your Score History
You have not taken this quiz